New subspecies of the free-tailed bat, Molossops greenhalli, from western Mexico (<Mammalia; Chiroptera>) (Registro nro. 11554)
[ vista simple ]
| 000 -CABECERA | |
|---|---|
| Campo de control | 007090000a22002050004500 |
| 090 ## - CLASIFICACIÓN LOCAL | |
| Colección | AR |
| Consecutivo | 02487 |
| 041 0# - IDIOMA | |
| Código de idioma para texto/pista de sonido o título separado | |
| 100 1# - ASIENTO PRINCIPAL--NOMBRE PERSONAL | |
| Nombre personal | Jones, J. Knox |
| 245 10 - MENCION DE TITULO | |
| Título | New subspecies of the free-tailed bat, Molossops greenhalli, from western Mexico (<Mammalia; Chiroptera>) |
| 650 14 - ASIENTO SECUNDARIO DE MATERIA - TERMINO TEMATICO | |
| Término temático o nombre geográfico como elemento de entrada | Murciélagos |
| 650 14 - ASIENTO SECUNDARIO DE MATERIA - TERMINO TEMATICO | |
| Término temático o nombre geográfico como elemento de entrada | Sistemática animal |
| 650 14 - ASIENTO SECUNDARIO DE MATERIA - TERMINO TEMATICO | |
| Término temático o nombre geográfico como elemento de entrada | Taxonomía animal |
| 650 14 - ASIENTO SECUNDARIO DE MATERIA - TERMINO TEMATICO | |
| Término temático o nombre geográfico como elemento de entrada | Nuevas subespecies |
| 651 #4 - ASIENTO SECUNDARIO DE MATERIA - NOMBRE GEOGRAFICO | |
| -- | Guerrero |
| -- | México |
| 651 #4 - ASIENTO SECUNDARIO DE MATERIA - NOMBRE GEOGRAFICO | |
| -- | Oaxaca |
| -- | México |
| 653 ## - TERMINO DE INDIZACION - NO CONTROLADO | |
| -- | Molossops |
| -- | Molossops greenhalli |
| 700 1# - ASIENTO SECUNDARIO - NOMBRE PERSONAL | |
| Nombre personal | Genoways, Hugh H. |
| 773 1# - Item fuente: | |
| Título | Proceedings of the Biological Society of Washington |
| Especificación de materiales | 41 |
| Paginas del Articulo | 207-210 |
| Lugar, editorial y fecha de publicación | 1967 |
| Información sobre la relación | 80 |
| 942 ## - ELEMENTOS ADICIONALES (KOHA) | |
| Tipo de ítem | Artículo |
| Withdrawn status | Lost status | Damaged status | No para préstamo | Colección | Ubicación Permanente | Ubicación actual | Fecha de adquisición | Datos de publicación Seriada | Total Checkouts | Número topográfico | Inventario / Código de Barras | Date last seen | Ejemplar | Price effective from | Forma de adquisición | Tipo de material |
|---|---|---|---|---|---|---|---|---|---|---|---|---|---|---|---|---|
| No para Préstamo | Hemeroteca | Bogotá | Bogotá | 27/02/2015 | Fuera de circulación | AR 02487 | 012896 | 25/03/2015 | 1 | 25/03/2015 | Artículo |